Goldfrank's toxicologic emergencies

Đã lưu trong:
書目詳細資料
格式: 圖書
語言:Undetermined
出版: New York McGraw-Hill 2002
主題:
標簽: 添加標簽
沒有標簽, 成為第一個標記此記錄!
Thư viện lưu trữ: Trung tâm Học liệu Trường Đại học Cần Thơ
LEADER 00497nam a2200181Ia 4500
001 CTU_61438
008 210402s9999 xx 000 0 und d
020 |c 1729000 
082 |a 615.9 
082 |b G618 
245 0 |a Goldfrank's toxicologic emergencies 
245 0 |c Lewis R. Goldfrank ... [et al.] 
260 |a New York 
260 |b McGraw-Hill 
260 |c 2002 
650 |a Toxicological emergencies 
904 |i Trọng Hải 
980 |a Trung tâm Học liệu Trường Đại học Cần Thơ